Paroles "La Maritza" - Sylvie Vartan - Statistiques

Statistiques générales
  • Ce quiz a été pris 57 fois
  • Le résultat moyen est 76 sur 115
Statistiques - réponses
Hint Réponse % Correct
. La
100%
. la
100%
. ma
100%
. ce
98%
. maritza
98%
. a
90%
. à
90%
. rivière
90%
. c'est
88%
. il
88%
. mon
88%
. me
85%
. comme
83%
. Seine
83%
. tienne
83%
. De
80%
. de
80%
. père
80%
. s'en
80%
. et
78%
. mais
78%
. Mais
78%
. que
78%
. qui
78%
. ne
73%
. Pas
73%
. plus
73%
. Plus
73%
. mes
70%
. refrain
70%
. reste
70%
. rien
70%
. Rien
70%
. souvienne
70%
. années
68%
. n'y
68%
. dix
65%
. je
65%
. petit
65%
. premières
65%
. les
63%
. lui
63%
. qu'un
63%
. d'autrefois
58%
. maintenant
58%
. on
58%
. moi
53%
. Moi
53%
. fois
50%
. nous
50%
. Paris
50%
. poupée
50%
. Tous
50%
. oiseaux
48%
. savait
48%
. chantaient
45%
. Quand
45%
. quelques
45%
. suivis
45%
. sur
45%
. écouter
43%
. sont
43%
. chanter
40%
. fait
40%
. guère
40%
. liberté
40%
. partis
40%
. chemins
38%
. comprenais
38%
. pauvre
38%
. j'entends
35%
. l'espoir
35%
. l'horizon
33%
. noir
33%
. s'est
33%
. pourtant
30%
. trop
28%
. yeux
25%
. fermés
23%
Aucun quiz correspondant
Distribution des résultats
% des personnes avec chaque résultat
Percentile par nombre de réponses
Votre historique - résultats
Vous n’avez pas pris ce quiz